| 000 | 00644nam a2200217Ii 4500 | ||
|---|---|---|---|
| 001 | 14771 | ||
| 003 | CO-ViMGA | ||
| 008 | 241108s9999||||xx |||||||||||||| ||und|| | ||
| 020 | _a9789588319255 | ||
| 040 |
_aCO-ViMGA _bspa _erda _cCO-ViMGA |
||
| 041 | 0 | _aspa | |
| 082 | 0 | 4 | _a303.37221 R64 |
| 100 | 1 |
_aImmanuel Kant _948017 |
|
| 245 | 1 | 0 | _aConflictos morales y derechos humanos en Colombia |
| 264 | 1 | _aBogotá, Colombia : Universidad de Caldas, 2007 | |
| 300 | _avolumen | ||
| 336 |
_atext _btxt _2rdacontent |
||
| 337 |
_aunmediated _bn _2rdamedia |
||
| 338 |
_avolume _bnc _2rdacarrier |
||
| 940 | _aidficha_siabuc: 14463. -- ficha_no_siabuc:14771 | ||
| 999 |
_c42654 _d42654 |
||